Methods used by universities of contracting and of recording and controlling expenditure (Record no. 416644)

000 -LEADER
fixed length control field 00456cam a22001217a 4500
008 - FIXED-LENGTH DATA ELEMENTS--GENERAL INFORMATION
fixed length control field 180718b1960 xxu||||| |||| 00| 0 eng d
082 ## - DEWEY DECIMAL CLASSIFICATION NUMBER
Classification number P504x42 Un3
100 ## - MAIN ENTRY--PERSONAL NAME
Personal name by University Grants Committee
245 ## - TITLE STATEMENT
Title Methods used by universities of contracting and of recording and controlling expenditure
Statement of responsibility, etc. by Her Majesty's Stationery Office
260 ## - PUBLICATION, DISTRIBUTION, ETC.
Place of publication, distribution, etc. London
Name of publisher, distributor, etc. Her Majesty's Stationery Office
Date of publication, distribution, etc. 1960
300 ## - PHYSICAL DESCRIPTION
Extent 27p.
700 ## - ADDED ENTRY--PERSONAL NAME
Personal name Her Majesty's Stationery Office
Holdings
Withdrawn status Lost status Damaged status Not for loan Permanent Location Current Location Date acquired Full call number Barcode Date last seen Price effective from Koha item type
        Indian Institute of Public Administration Indian Institute of Public Administration 2009-03-18 P504x42 Un3 25135 2018-07-21 2018-07-21 Book

Powered by Koha